Normal view
MARC view
- MS-CSE-17 [12]
Entry Personal Name
001 - CONTROL NUMBER
- control field: 73258
003 - CONTROL NUMBER IDENTIFIER
- control field: NUST
005 - DATE AND TIME OF LATEST TRANSACTION
- control field: 20210628205006.0
008 - FIXED-LENGTH DATA ELEMENTS
- fixed length control field: 210628|| aca||aabn | a|a d
040 ## - CATALOGING SOURCE
- Original cataloging agency: NUST
- Transcribing agency: NUST
100 ## - HEADING--PERSONAL NAME
- Personal name: MS-CSE-17 [12]
670 ## - SOURCE DATA FOUND
- Source citation: Work cat.: (NUST): Usman Ali 47627, TH-SOF-1822-Novel Distributed Load Management Algorithm (NDLMA) for Local Level Management in Smart Grid, 2020
